000 00895nam a2200337Ia 4500
008 160319s9999 xx 000 0 und d
020 _a0-43944635X
050 _aFic
050 _b.H475m 2002
100 _aHeling, Kathryn
245 _aMouse makes words :
245 _ba phonics reader /
245 _c by Kathryn Heling & Deborah Hembrook ; illustrated by Patrick Joseph.
260 _aNew York :
260 _bRandom House
260 _c2002
300 _a29 pages ;
300 _bcolor illustrations ;
300 _c23 cm.
440 _a Step into reading., Step 1 book.
650 _aMice --
650 _aMice --
650 _aStories in rhyme --
650 _aVocabulary --
650 _aVocabulary --
650 _xFiction.
650 _xFiction.
650 _xJuvenile fiction.
650 _xJuvenile fiction.
650 _xJuvenile fiction.
999 _c292054
_d292054